000 00912nam a22002417a 4500
999 _c63838
_d63838
005 20240530110701.0
008 171225s2016 ua a f b 000 0dara d
017 _a2015/23088
_bمصر. دار الكتب
020 _a9789779204680
040 _aEG-CaGPL
_cEG-CaGPL
082 0 4 _221
_a792.013\
_bر م
100 1 _aراى ، بول
245 1 2 _aالمسرح وحقوق الانسان /
_cتأليف بول راى ؛ ترجمة اريج ابراهيم .
250 _aط.1
260 _aالقاهرة :
_bالمركز القومى للترجمة ،
_c2016 .
300 _a123 ص. ؛
_c20 سم.
490 _aالمركز القومى للترجمة ؛
_v2554
650 0 7 _2qrmak
_aحقوق الانسان
650 0 7 _2qrmak
_aالمسرح
_zالجوانب السياسية
700 0 _aاريج ابراهيم
_eمترجم
942 _2ddc
_cBK